| 000 | 00441cam a22001331 4500 | ||
|---|---|---|---|
| 082 |
_a621.4021 _a621.01* _bLEO _cL-12, P-26 |
||
| 100 | 1 |
_aLeonard, Carroll Mendenhall, _941748 |
|
| 245 | 0 | 0 |
_aFundamentals of thermodynamics. _cCarroll M. Leonard |
| 260 |
_aEnglewood Cliffs, N.J., _bPrentice-Hall, _c1958. |
||
| 300 |
_a376 p. _billus. _c24 cm. |
||
| 526 |
_a0 _b0 _c0 _d621_402100000000000_LEO |
||
| 650 | 0 |
_aThermodynamics. _97134 |
|
| 942 |
_2ddc _cBK |
||
| 999 |
_c545788 _d545788 |
||